Quiz Cultura Generale - Quiz n°26 - Statistics

Statistiche generali
  • Questo quiz è stato fatto 207 volte
  • Il punteggio medio è 9 su 15
Statistiche sulle risposte
Domanda Risposta % Corretto
Come si traduce il termine inglese "king"? Re
89%
In quale città si trova "Piazza della Signoria"? Firenze
87%
Qual è il principale teatro di Milano? Teatro alla Scala
86%
Qual è il libro sacro dei musulmani? Corano
80%
In quale nazione si trova la Siberia? Russia
79%
Qual è l'unico paese dell'ex Jugoslavia che confina con la Grecia? Macedonia del Nord
77%
A quale corrente letteraria apparteneva Giovanni Verga? Verismo
75%
In quale continente si è disputata l'ultima finale di un Campionato mondiale di calcio nel XX° secolo? Europa
72%
La Cambogia è l'ex protettorato di quale stato europeo? Francia
68%
Completa il verso dantesco: "Non ti curar di lor, ma guarda e ..." Passa
56%
Quale popolo guerriero nomade, proveniente dalla Siberia meridionale, giunse in Europa nel IV secolo? Unni
43%
Chi ha scritto "Le mie prigioni"? Silvio Pellico
38%
Qual è il secondo ente fondamentale della geometria? Retta
36%
Qual è il film sequel della televisiva Breaking Bad? El Camino
22%
Chi salì sul trono di Germania nel 1888? Guglielmo II di Germania
15%
Nessun quiz corrispondente trovato
Distribuzione punteggi
Percentuale di utenti per punteggio
Percentile per numero di risposta
I tuoi punteggi nel tempo
Non hai fatto questo quiz